Music Quiz

Random Music or Clickable Quiz
Score 0/40 Timer 10:00
0 Plays Today
% Correct
Hands to Myself
93.9%
Bad Liar
90.9%
Lose You To Love Me
87.9%
Good for You
87.9%
Wolves
87.9%
Rare
84.8%
Same Old Love
84.8%
The Heart Wants What It Wants
84.8%
Slow Down
84.8%
It Ain't Me
84.8%
Look At Her Now
81.8%
Back to You
81.8%
Kill Em with Kindness
81.8%
Come & Get It
81.8%
Fetish
78.8%
Me & the Rhythm
75.8%
Birthday
75.8%
Feel Me
75.8%
B.E.A.T.
72.7%
Perfect
69.7%
% Correct
I Can't Get Enough
69.7%
Everything Is Not What It Seems
69.7%
Sober
63.6%
Nobody
63.6%
Love Will Remember
63.6%
Body Heat
60.6%
Save the Day
60.6%
I Want You to Know
57.6%
Me & My Girls
54.5%
Stars Dance
54.5%
Undercover
54.5%
Revival
51.5%
Survivors
51.5%
Rise
51.5%
Forget Forever
48.5%
Camouflage
45.5%
Music Feels Better
45.5%
Nobody Does It Like You
42.4%
Like a Champion
39.4%
Write Your Name
39.4%
Come Together.
Have Fun.
All Virtual.
We all need to come together. Play Sporcle's virtual live trivia to have fun, connect with people, and get your trivia on. Join a live hosted trivia game for your favorite pub trivia experience done virtually. If a virtual private party is more your thing, go here for details.

You're not logged in!

Compare scores with friends on all Sporcle quizzes.
OR
Log In

Sporcle TV

Today on Sporcle TV


Watch our educational content, quiz creation guides, and fun videos on Sporcle TV.

Show Comments

Extras

Top Quizzes Today


Score Distribution

Paid Content

Your Account Isn't Verified!

In order to create a playlist on Sporcle, you need to verify the email address you used during registration. Go to your Sporcle Settings to finish the process.

Report this User

Report this user for behavior that violates our Community Guidelines.

Details: